Score 0/20 Timer 04:00
6 Plays Today
Question Answer Wrong Answers
Better Call Saul 2010s
80%
1980s
2.1%
1990s
3%
2000s
8.1%
Lost 2000s
79.3%
1980s
0.7%
1990s
6.7%
2010s
6.4%
Hill Street Blues 1980s
75%
1990s
14.1%
2000s
3.2%
2010s
0.6%
Punky Brewster 1980s
73.7%
1990s
14.7%
2000s
3.3%
2010s
1.2%
Ren and Stimpy 1990s
72.2%
1980s
11.6%
2000s
8.2%
2010s
1.1%
Vikings 2010s
70.9%
1980s
4.2%
1990s
5%
2000s
13.1%
House of Cards (US) 2010s
70.1%
1980s
0.9%
1990s
2.1%
2000s
20.4%
ThunderCats 1980s
70%
1990s
14.7%
2000s
5.6%
2010s
2.8%
Fargo 2010s
64.9%
1980s
4%
1990s
10.6%
2000s
14.1%
Teenage Mutant Ninja Turtles 1980s
63%
1990s
27.5%
2000s
2.3%
2010s
0.5%
New Girl 2010s
62%
1980s
1.1%
1990s
2.8%
2000s
27.6%
Parks and Recreation 2000s
58.7%
1980s
0.9%
1990s
3%
2010s
30.8%
The West Wing 1990s
55.4%
1980s
3.2%
2000s
31.1%
2010s
3.6%
Rescue Me 2000s
54.6%
1980s
6%
1990s
16.7%
2010s
15.9%
Dr. Quinn, Medicine Woman 1990s
54.6%
1980s
34.6%
2000s
3.1%
2010s
0.8%
Gilmore Girls 2000s
52.1%
1980s
3.8%
1990s
34.4%
2010s
3%
Jackass 2000s
49.8%
1980s
2%
1990s
37.4%
2010s
4.2%
Mystery Science Theater 3000 1980s
43.1%
1990s
34.7%
2000s
10%
2010s
5.3%
Oz 1990s
35.9%
1980s
6.6%
2000s
36%
2010s
14.8%
Late Show with David Letterman 1990s
33.2%
1980s
55.8%
2000s
3.7%
2010s
0.7%

You're not logged in!

Compare scores with friends on all Sporcle quizzes.
OR
Log In

Sporcle TV

Today on Sporcle TV


Watch our educational content, quiz creation guides, and fun videos on Sporcle TV.

Show Comments

Extras

Top Quizzes Today


Score Distribution

Paid Content

Your Account Isn't Verified!

In order to create a playlist on Sporcle, you need to verify the email address you used during registration. Go to your Sporcle Settings to finish the process.

Report this User

Report this user for behavior that violates our Community Guidelines.

Details: